000 00634nam a2200241Ia 4500
003 OSt
005 20221005123024.0
006 a|||||r|||| 00| 0
007 ta
008 221004b |||||||| |||| 00| 0 mal d
024 _a54276
037 _cTextual
040 _aCRL
_cCRL
_bmal
041 _2mal
_amal
082 _aO32,1M68,12, H9;J6
100 _aPillai Kesava Au.
_9229726
245 0 _aKesaveeyam
260 _c1956
650 _a MALAYALAM POETRY
_9185636
650 _aMALAYALAM LITERATURE
_938866
942 _hO32,1M68,12, H9;J6
_cTEXL
_2cc
999 _c1046158
_d1046158